जयशंकर प्रसाद और स्कन्दगुप्त (Record no. 1067234)

MARC details
000 -LEADER
fixed length control field 00898nam a2200253Ia 4500
003 - CONTROL NUMBER IDENTIFIER
control field OSt
005 - DATE AND TIME OF LATEST TRANSACTION
control field 20221005133550.0
008 - FIXED-LENGTH DATA ELEMENTS--GENERAL INFORMATION
fixed length control field 221004b |||||||| |||| 00| 0 hin d
037 ## - SOURCE OF ACQUISITION
Terms of availability Textual
040 ## - CATALOGING SOURCE
Original cataloging agency CRL
Transcribing agency CRL
Language of cataloging hin
041 ## - LANGUAGE CODE
Source of code hin
Language code of text/sound track or separate title hin
100 ## - MAIN ENTRY--PERSONAL NAME
Personal name चतुर्वेदी, राजेश्वर प्रसाद, ले.
9 (RLIN) 160948
245 #0 - TITLE STATEMENT
Title जयशंकर प्रसाद और स्कन्दगुप्त
246 ## - VARYING FORM OF TITLE
Title proper/short title Jayashankar prasād aur skandagupta
260 ## - PUBLICATION, DISTRIBUTION, ETC.
Date of publication, distribution, etc. 1960
650 ## - SUBJECT ADDED ENTRY--TOPICAL TERM
Topical term or geographic name entry element हिन्दी नाटक
650 ## - SUBJECT ADDED ENTRY--TOPICAL TERM
Topical term or geographic name entry element हिन्दी साहित्य
942 ## - ADDED ENTRY ELEMENTS (KOHA)
Classification part O152,2M89:17:g, K0
Koha item type Textual
Source of classification or shelving scheme

No items available.

Copyright @ Delhi University Library System